[Event "Madurai Athens of the East op-B U1600"]
[Site "Madurai"]
[Date "2023.12.27"]
[Round "3"]
[White "Hemal Varshan, Andalamala"]
[Black "Rathees Rooban, R."]
[Result "1-0"]
[WhiteElo "1522"]
[BlackElo "1306"]
[PlyCount "121"]
[EventDate "2023.12.27"]
[EventType "swiss"]
[EventRounds "9"]
[EventCountry "IND"]
[SourceTitle "CB02_2024"]
[SourceDate "2024.01.10"]
[SourceVersion "1"]
[SourceVersionDate "2024.01.10"]
[SourceQuality "1"]

1. e4 c5 2. Nf3 d6 3. d4 cxd4 4. Nxd4 Nf6 5. Nc3 g6 6. Be2 Bg7 7. Be3 0-0 8. 0-0 Nc6 9. h3 Bd7 10. f4 Rc8 11. Nxc6 Bxc6 12. Bf3 a6 13. Bd4 Nd7 14. Bxg7 Kxg7 15. Qd4+ e5 16. fxe5 dxe5 17. Qf2 f5 18. exf5 Rxf5 19. Qe3 Bxf3 20. Rxf3 Rxf3 21. Qxf3 Qb6+ 22. Kh2 Rf8 23. Qd5 Rf7 24. Ne4 Qe3 25. Nd6 Re7 26. Rf1 Nf6 27. Qd1 Qc5 28. Rxf6 e4 29. Rf4 Qe5 30. g3 Rd7 31. Nc4 Rxd1 32. Nxe5 e3 33. Re4 Rd2+ 34. Kg1 Rxc2 35. Rxe3 Rxb2 36. Rf3 Rxa2 37. Rf7+ Kh6 38. Rxb7 a5 39. h4 g5 40. h5 g4 41. Rb5 Kxh5 42. Nc4+ Kg6 43. Nxa5 h5 44. Nc4 Rc2 45. Ne3 Rc3 46. Kf2 h4 47. gxh4 g3+ 48. Ke2 Kh6 49. Re5 Ra3 50. Kf3 Ra1 51. Kxg3 Rg1+ 52. Kf4 Ra1 53. Ng4+ Kg7 54. Kg5 Ra6 55. h5 Kf7 56. Nh6+ Kg7 57. Nf5+ Kh7 58. Re7+ Kh8 59. h6 Kg8 60. Nd4 Kf8 61. h7 1-0